书目信息 |
| 书名: | Longman companion to twentieth century literature | |
| 作者: | A.C. Ward. | |
| 分册号: | ||
| 分册名: | 出版地: | Harlow : |
|
| 出版社: | Longman | |
| 出版时间: | 1981. | |
| 页数: | 598 p. ; | |
| 开本: | 22 cm. | |
| 丛书名: | ||
| 中图分类号: | ||
| 科图分类号: | ||
| 其他分类号: | H316 | |
| 主题词: | ||
| 电子资源: | ||
| 000 | 00830cam 2200277 a 45x0 | |
| 001 | E0738574850 | |
| 003 | OCoLC | |
| 005 | 20071005110129.76 | |
| 008 | 030414s1981 enk e 000 0 eng | |
| 010 | @a 81149088 //r90 | |
| 015 | @aGB*** | |
| 020 | @a0582353076 :@cCNY2.50. | |
| 040 | @aDLC@cDLC | |
| 050 | 00 | @aPN771@b.W28 1981 |
| 082 | 1 | @a809/.04 @2 19 |
| 090 | @aK550.28/W7/1981 | |
| 090 | @aH316 | |
| 099 | @dH316@ex5=3 | |
| 100 | 1 | @aWard, A. C.@q(Alfred Charles),@d1891- |
| 245 | 10 | @aLongman companion to twentieth century literature / @cA.C. Ward. |
| 250 | @a3rd ed. / :@brevised by Maurice Hussey. | |
| 260 | @aHarlow :@bLongman,@c1981. | |
| 300 | @a598 p. ;@c22 cm. | |
| 650 | 00 | @aLiterature, Modern@y20th century@xEncyclopedias. |
| 700 | 1 | @aHussey, Maurice. |
| 920 | @a232010@z2 | |
| Longman companion to twentieth century literature / / A.C. Ward.-3rd ed. / : : revised by Maurice Hussey.-Harlow : : Longman, , 1981. |
| 598 p. ; ; 22 cm. |
| ISBN 0582353076 :CNY2.50. |
| ● |
| 相关链接 |
|
|
|
|
正题名:Longman companion to twentieth century literature
索取号:H316/x5=3
 
预约/预借
| 序号 | 登录号 | 条形码 | 馆藏地/架位号 | 状态 | 备注 |
| 1 | 116109 | 000434845 | 密集书库/ [索取号:H316/x5=3] | 在馆 | |
| 2 | 116110 | 000434818 | 密集书库/ [索取号:H316/x5=3] | 在馆 | |
| 3 | 17580 | 300175806 | 密集书库/ [索取号:H316/x5=3] | 在馆 | |
| 4 | 180483 | 000434827 | 密集书库/ [索取号:H316/x5=3] | 在馆 | |
| 5 | 180484 | 000433980 | 密集书库/ [索取号:H316/x5=3] | 在馆 | |
| 6 | 180485 | 000433971 | 密集书库/ [索取号:H316/x5=3] | 在馆 | |
| 7 | 180486 | 000433999 | 密集书库/ [索取号:H316/x5=3] | 在馆 | |
| 8 | 180487 | 000982903 | 密集书库/ [索取号:H316/x5=3] | 在馆 | |
| 9 | 182678 | 000434863 | 第二样本阅览室/ [索取号:H316/x5=3] | 在馆 | |
| 10 | 182679 | 000434872 | 密集书库/ [索取号:H316/x5=3] | 在馆 | |
| 11 | 182680 | 000434881 | 密集书库/ [索取号:H316/x5=3] | 在馆 |